Tự phán và Ngục trung thư

Nhan đề ngoài bìa: Tự phán - Lịch sử cách mạng của Sào Nam Phan bội châu; Tự Phán là cuốn tự truyện của Sào Nam Phan Bội Châu do cụ viết về đời mình cũng như lịch sử hoạt động cứu nước đối với lịch sử cận đại Việt Nam, đi lèm là cuô...

Popoln opis

Shranjeno v:
Bibliografske podrobnosti
Glavni avtor: Phan, Bội Châu
Format: Knjiga
Jezik:Undetermined
Izdano: H. Văn hóa thông tin 2000
Teme:
Online dostop:http://lrc.tdmu.edu.vn/opac/search/detail.asp?aID=2&ID=6486
Oznake: Označite
Brez oznak, prvi označite!
Thư viện lưu trữ: Trung tâm Học liệu Trường Đại học Thủ Dầu Một
LEADER 01246nam a2200193Ia 4500
001 TDMU_6486
008 210410s9999 xx 000 0 und d
082 |a 959.703 092;900.92 
090 |b PH105 
100 |a Phan, Bội Châu 
245 0 |a Tự phán và Ngục trung thư 
260 |a H. 
260 |b Văn hóa thông tin 
260 |c 2000 
300 |a 323tr. 
520 |a Nhan đề ngoài bìa: Tự phán - Lịch sử cách mạng của Sào Nam Phan bội châu; Tự Phán là cuốn tự truyện của Sào Nam Phan Bội Châu do cụ viết về đời mình cũng như lịch sử hoạt động cứu nước đối với lịch sử cận đại Việt Nam, đi lèm là cuốn Ngục trung thư cũng do Cụ viết khi bị Long Tế Quang bắt giam ở Quảng Châu 
650 |a Sự nghiệp cách mạng Phan Bội Châu; Tự truyện; Hồi ký; Phan Bội Châu; Sào Nam; Sự nghiệp cách mạng; Lịch sử Việt Nam cận đại; Ngục trung thư 
856 |u http://lrc.tdmu.edu.vn/opac/search/detail.asp?aID=2&ID=6486 
980 |a Trung tâm Học liệu Trường Đại học Thủ Dầu Một